000
00345 a2200169 4500
001
190361
020
_a
978-85-7412-367-7
040
_c
Magnum
100
_a
Stower, Adam
240
1
0
_a
Oi, au-au!
_l
por
245
1
0
_a
Oi, au-au!
300
_a
33
362
0
_a
2012
440
1
_a
Brinque-Book
697
_a
LITERATURA INFANTIL
942
_c
BK
999
_c
190361
_d
190361